| 000 | 00532nam a22002057a 4500 | ||
|---|---|---|---|
| 003 | koha_MIRAKIL | ||
| 005 | 20231213100022.0 | ||
| 008 | 231213b |||||||| |||| 00| 0 ||| d | ||
| 020 | _b978-9-75269541-2 | ||
| 040 |
_aTR-IsEVY _btur _cTR-IsEVY |
||
| 082 | _a956.1015 BAH/K | ||
| 100 | _aBahadıroğlu, Yavuz. | ||
| 245 | 0 | _aKüçük kahraman | |
| 250 | _a25. bs. | ||
| 260 |
_bNesil Yayınları, _c2013 |
||
| 300 | _a143 s. | ||
| 650 | _aHistorical fiction, Turkish. | ||
| 650 | _aTarihi roman, Türk. | ||
| 942 |
_2ddc _cBK |
||
| 999 |
_c13202 _d13202 |
||